Fragment eines Heiligen, im Bildersturm beschädigt
| 1. VerfasserIn: | |
|---|---|
| Medienart: | Druck Aufsatz |
| Sprache: | Deutsch |
| Verfügbarkeit prüfen: | HBZ Gateway |
| Fernleihe: | Fernleihe für die Fachinformationsdienste |
| Veröffentlicht: |
2019
|
| In: |
Bild Macht Religion
Jahr: 2019, Seiten: 112-113 |
| Online-Zugang: |
Volltext (kostenfrei) Volltext (kostenfrei) |
| Rechteinformation: | InC 1.0 |
MARC
| LEADER | 00000caa a22000002c 4500 | ||
|---|---|---|---|
| 001 | 1682386953 | ||
| 003 | DE-627 | ||
| 005 | 20220216133900.0 | ||
| 007 | tu | ||
| 008 | 191121s2019 xx ||||| 00| ||ger c | ||
| 020 | |a 9783809303206 | ||
| 035 | |a (DE-627)1682386953 | ||
| 035 | |a (DE-599)KXP1682386953 | ||
| 040 | |a DE-627 |b ger |c DE-627 |e rda | ||
| 041 | |a ger | ||
| 084 | |a 0 |2 ssgn | ||
| 100 | 1 | |e VerfasserIn |0 (DE-588)1050598059 |0 (DE-627)784245320 |0 (DE-576)404873227 |4 aut |a Radermacher, Martin |d 1983- | |
| 109 | |a Radermacher, Martin 1983- | ||
| 245 | 1 | 0 | |a Fragment eines Heiligen, im Bildersturm beschädigt |c Martin Radermacher |
| 264 | 1 | |c 2019 | |
| 300 | |b 1 Illustration (farbig) | ||
| 336 | |a Text |b txt |2 rdacontent | ||
| 337 | |a ohne Hilfsmittel zu benutzen |b n |2 rdamedia | ||
| 338 | |a Band |b nc |2 rdacarrier | ||
| 540 | |q DE-Tue135 |a Urheberrechtsschutz 1.0 |2 rs |u http://rightsstatements.org/vocab/InC/1.0/ | ||
| 601 | |a Fragment | ||
| 601 | |a Bildersturm | ||
| 773 | 0 | 8 | |i Enthalten in |t Bild Macht Religion |d Bochum : Kunstmuseum Bochum, 2019 |g (2019), Seite 112-113 |h 263 Seiten |w (DE-627)1047616017 |z 9783809303206 |7 nnam |
| 773 | 1 | 8 | |g year:2019 |g pages:112-113 |
| 776 | 1 | |o 10.15496/publikation-65954 | |
| 856 | 4 | 1 | |u http://dx.doi.org/10.15496/publikation-65954 |x Resolving-System |x Digitalisierung |z kostenfrei |3 Volltext |7 0 |
| 856 | 4 | 1 | |u http://hdl.handle.net/10900/124590 |x Resolving-System |x Digitalisierung |z kostenfrei |3 Volltext |7 0 |
| 951 | |a AR | ||
| ELC | |b 1 | ||
| LOK | |0 000 xxxxxcx a22 zn 4500 | ||
| LOK | |0 001 3543943472 | ||
| LOK | |0 003 DE-627 | ||
| LOK | |0 004 1682386953 | ||
| LOK | |0 005 20211202172554 | ||
| LOK | |0 008 191121||||||||||||||||ger||||||| | ||
| LOK | |0 040 |a DE-Tue135 |c DE-627 |d DE-Tue135 | ||
| LOK | |0 092 |o n | ||
| LOK | |0 852 |a DE-Tue135 | ||
| LOK | |0 852 1 |9 00 | ||
| LOK | |0 935 |a ixau |a rwzw | ||
| LOK | |0 939 |a 21-11-19 |b l01 | ||
| OAS | |a 1 | ||
| ORI | |a SA-MARC-ixtheoa001.raw | ||
| REL | |a 1 | ||
| SUB | |a REL | ||



